| 000 | 00460nam a2200193Ia 4500 | ||
|---|---|---|---|
| 008 | 180207s9999 xx 000 0 und d | ||
| 020 | _a9780590129724 | ||
| 050 | _bC471 1998 | ||
| 100 | _aChardiet, Bernice | ||
| 245 | _aSpring : | ||
| 245 | _bsongs to sing / | ||
| 245 | _ccompiled by Bernice Chardiet. | ||
| 260 | _aNew York : | ||
| 260 | _bScholastic, | ||
| 260 | _c1998 | ||
| 300 | _a64 pages : | ||
| 300 | _billustrations ; | ||
| 300 | _c19cm. | ||
| 999 |
_c355563 _d355563 |
||